000 01016nmc a2200361 a 4500
003 AR-BaBNM
005 20251128205447.0
008 011101s1996 ||||||||||||||000 | spa||
020 _a987-99286-2-8
040 _cAR-BaBNM
245 1 0 _aBurlón y compadrito
_bletras de tango
250 _a1ª ed.
260 _aBuenos Aires
_bEdiciones El Hacedor
_bSetenta Soles Grupo Editor
_c1996
300 0 _a126 p.
_bil.
490 0 _aLibros del galeón
500 0 _aContiene referencias bibliográficas en p. 121
650 4 _aLITERATURA ARGENTINA
650 4 _aMUSICA POPULAR
650 4 _aANTOLOGIAS
650 4 _aCANCIONES
650 4 _aCULTURAS POPULARES
650 4 _aBARRIOS
650 4 _aCOSTUMBRES Y TRADICIONES
651 4 _aBuenos Aires [Capital Federal]
653 0 _aTANGO
653 0 _aLUNFARDO
655 _aLITERATURA
700 1 _aViera, Silvia
_ecompilador
800 1 _aFernández, Alvaro
_edirector
800 1 _aBombini, Gustavo
_edirector
942 _cBK
998 _cMARTIN
999 _c11494
_d11494